Indian economy : a visionary perspective : (Record no. 104824)

MARC details
000 -LEADER
fixed length control field 00770nam a22002177a 4500
005 - DATE AND TIME OF LATEST TRANSACTION
control field 20161129124926.0
010 ## - LCCN (DPL NO)
LC control number ENG-116697
020 ## - INTERNATIONAL STANDARD BOOK NUMBER
International Standard Book Number 9788184845242
Terms of availability 1280.00
035 ## - SYSTEM CONTROL NUMBER
System control number EN-100229
037 ## - SOURCE OF ACQUISITION
Source of stock number/acquisition DBAD/PUB
082 ## - DEWEY DECIMAL CLASSIFICATION NUMBER
Classification number 338.954
245 ## - TITLE STATEMENT
Title Indian economy : a visionary perspective :
Statement of responsibility, etc edited by John Felix Raj, Samrat Roy [and] Koushik Kumar Hati
Remainder of title essays in honour of sesquicentenary of St. Xavier's College (Autonomous), Kolkata /
260 ## - PUBLICATION, DISTRIBUTION, ETC. (IMPRINT)
Place of publication, distribution, etc New Delhi
Name of publisher, distributor, etc Regal Publications
Date of publication, distribution, etc 2016
270 ## - ADDRESS
Address F-159 Rajouri Garden
City New Delhi
Postal code 110027
300 ## - PHYSICAL DESCRIPTION
Extent x,280p. :
Dimensions 23cm(Hb)
Other physical details ill
500 ## - GENERAL NOTE
General note Includes index
700 ## - ADDED ENTRY--PERSONAL NAME
Personal name John Felix Raj
700 ## - ADDED ENTRY--PERSONAL NAME
Personal name Roy, Samrat
700 ## - ADDED ENTRY--PERSONAL NAME
Personal name Hati, Koushik Kumar
942 ## - ADDED ENTRY ELEMENTS (KOHA)
Source of classification or shelving scheme Dewey Decimal Classification
Item type English Books
Classification part 338.954
Call number suffix IND
Holdings
Withdrawn status Lost status Not for loan Collection code Home library Current library Date acquired Source of acquisition Cost, normal purchase price Full call number Barcode Copy number Cost, replacement price Koha item type
    Not For Loan Non-fiction D.B.Act.Division Bawana 29/11/2016 DBAD/PUB 1280.00 338.954 IND EN-100229 1 1280.00 English Books

© Delhi Public Library
Hit Counter
free hit counter